[Event "Europa ch 2012 femenino"]
[Site "Gaziantep TUR"]
[Date "2012.03.05"]
[Round "4.35"]
[White "Mareckova, Martina"]
[Black "Kaya, Emel"]
[Result "0-1"]
[PlyCount "58"]
[EventDate "2012.03.02"]
[EventType "swiss"]
[EventRounds "11"]
[EventCountry "TUR"]
[Source "lmi"]
[SourceDate "2012.03.02"]
[WhiteElo "2114"]
[BlackElo "1997"]

1. e4 c5 2. Nc3 e6 3. g3 d5 4. d3 d4 5. Nce2 Nc6 6. Bg2 e5 7. f4 Bd6 8. Nf3
Nge7 9. O-O f6 10. fxe5 Bxe5 11. Nf4 Qd6 12. Qe2 Bg4 13. Qf2 O-O 14. Bh3 Bxh3
15. Nxh3 Qd7 16. Qg2 b5 17. Bd2 c4 18. Nf2 a5 19. a3 Rfc8 20. Rfd1 c3 21. bxc3
dxc3 22. Nxe5 Nxe5 23. Be3 b4 24. axb4 axb4 25. Rxa8 Rxa8 26. Bc5 Ra2 27. d4
Rxc2 28. Bxe7 Ng4 29. Bxb4 Nxf2 0-1

[Event "Europa ch 2012 femenino"]
[Site "Gaziantep TUR"]
[Date "2012.03.05"]
[Round "4.36"]
[White "Patel, Yesim"]
[Black "Cemhan, Kardelen"]
[Result "1-0"]
[PlyCount "101"]
[EventDate "2012.03.02"]
[EventType "swiss"]
[EventRounds "11"]
[EventCountry "TUR"]
[Source "lmi"]
[SourceDate "2012.03.02"]
[WhiteElo "1839"]
[BlackElo "1954"]

1. e4 c5 2. Nf3 Nc6 3. d4 cxd4 4. Nxd4 Qc7 5. Nc3 e6 6. g3 a6 7. Bg2 d6 8. O-O
Bd7 9. Be3 Nf6 10. f4 Be7 11. h3 O-O 12. Qe1 Rac8 13. Nb3 b5 14. a3 b4 15. axb4
Nxb4 16. Qf2 d5 17. e5 Ne8 18. Bb6 Qc6 19. Ra5 f6 20. Bc5 Bxc5 21. Rxc5 Qa8 22.
exf6 Rxf6 23. Ra5 Nd6 24. Nc5 Rc7 25. Rfa1 Bc8 26. Nb5 Nxb5 27. Rxb5 Qc6 28.
Rxb4 Qxc5 29. Qxc5 Rxc5 30. c3 Rf7 31. Bf1 Ra7 32. Rb6 a5 33. Rb5 Rxb5 34. Bxb5
Bd7 35. Bxd7 Rxd7 36. Rxa5 d4 37. cxd4 Rxd4 38. Ra8+ Kf7 39. Rb8 Rd2 40. b4 Rb2
41. b5 Kf6 42. g4 Kg6 43. b6 Kh6 44. b7 Kg6 45. h4 Kh6 46. h5 g6 47. hxg6 Kg7
48. gxh7 Kxh7 49. f5 exf5 50. gxf5 Rb5 51. f6 1-0

[Event "Europa ch 2012 femenino"]
[Site "Gaziantep TUR"]
[Date "2012.03.05"]
[Round "4.38"]
[White "Menzi, Nezihe Ezgi"]
[Black "Dai, Irmak"]
[Result "1-0"]
[PlyCount "85"]
[EventDate "2012.03.02"]
[EventType "swiss"]
[EventRounds "11"]
[EventCountry "TUR"]
[Source "lmi"]
[SourceDate "2012.03.02"]
[WhiteElo "1902"]
[BlackElo "1592"]

1. e4 c5 2. Nf3 d6 3. d4 cxd4 4. Nxd4 Nf6 5. f3 g6 6. c4 Bg7 7. Nc3 O-O 8. Be3
Nc6 9. Be2 Bd7 10. O-O Rc8 11. Qd2 Ne5 12. b3 a6 13. Rac1 Re8 14. Rfd1 Qa5 15.
Kh1 Bc6 16. Qb2 Rb8 17. b4 Qc7 18. h3 b6 19. b5 Bb7 20. Nd5 Qd8 21. Qb3 a5 22.
f4 Ned7 23. Nc6 Nc5 24. Bxc5 Bxc6 25. bxc6 Nxd5 26. cxd5 bxc5 27. Bb5 Bh6 28.
g3 Qb6 29. Rb1 Rec8 30. Qd3 Qc7 31. Ba6 Rxb1 32. Rxb1 Rb8 33. Rxb8+ Qxb8 34.
Qb5 Qc7 35. Qb7 Qxb7 36. cxb7 Kf8 37. b8=Q+ Kg7 38. e5 dxe5 39. fxe5 c4 40.
Bxc4 e6 41. dxe6 fxe6 42. Bxe6 a4 43. Qg8# 1-0

[Event "Europa ch 2012 femenino"]
[Site "Gaziantep TUR"]
[Date "2012.03.05"]
[Round "4.39"]
[White "Arig, Busra"]
[Black "Soyunlu, Narmin"]
[Result "1-0"]
[PlyCount "65"]
[EventDate "2012.03.02"]
[EventType "swiss"]
[EventRounds "11"]
[EventCountry "TUR"]
[Source "lmi"]
[SourceDate "2012.03.02"]
[WhiteElo "1839"]
[BlackElo "1842"]

1. d4 e6 2. Nf3 Nf6 3. c4 b6 4. e3 Bb4+ 5. Nbd2 Bb7 6. a3 Be7 7. Bd3 c5 8. dxc5
Bxc5 9. b4 Be7 10. Bb2 a5 11. Qb3 axb4 12. axb4 Rxa1+ 13. Bxa1 O-O 14. O-O d5
15. Ne5 dxc4 16. Ndxc4 Nd5 17. Qb1 Nf6 18. Bd4 Qd5 19. f3 b5 20. Nb6 Qd6 21.
Rd1 Qxb4 22. Qxb4 Bxb4 23. Bxb5 Ba6 24. Bxa6 Nxa6 25. Ra1 Nc7 26. Nc6 Nfd5 27.
Nxb4 Nxb4 28. Bc5 Rb8 29. Bxb4 Rxb6 30. Ba5 Ra6 31. Rb1 h6 32. Bxc7 Ra3 33. Kf2
1-0

[Event "Europa ch 2012 femenino"]
[Site "Gaziantep TUR"]
[Date "2012.03.05"]
[Round "4.42"]
[White "Molchanova, Tatjana"]
[Black "Gunina, Valentina"]
[Result "0-1"]
[PlyCount "120"]
[EventDate "2012.03.02"]
[EventType "swiss"]
[EventRounds "11"]
[EventCountry "TUR"]
[Source "lmi"]
[SourceDate "2012.03.02"]
[WhiteElo "2346"]
[BlackElo "2511"]

1. d4 d5 2. c4 c6 3. Nf3 Nf6 4. e3 Bf5 5. Nc3 e6 6. Nh4 Bg6 7. Nxg6 hxg6 8. Bd3
Nbd7 9. O-O Be7 10. Bd2 O-O 11. cxd5 exd5 12. Qf3 Nb6 13. Rad1 Bb4 14. a3 Bxc3
15. bxc3 Re8 16. Rb1 Ne4 17. Rfd1 Qe7 18. Rb4 Nc4 19. Bxc4 dxc4 20. a4 c5 21.
Rxc4 b6 22. dxc5 Qe6 23. Qe2 Rad8 24. Rd4 Qa2 25. Kf1 Rxd4 26. cxd4 bxc5 27. f3
Nxd2+ 28. Rxd2 Qxa4 29. dxc5 Qa3 30. c6 Qc1+ 31. Kf2 Qxc6 32. Rc2 Qd6 33. Qb5
Rb8 34. Qa5 Qxh2 35. Qxa7 Qh4+ 36. Ke2 Rb1 37. Rc8+ Kh7 38. Qxf7 Qe1+ 39. Kd3
Qf1+ 40. Kd4 Qd1+ 41. Ke4 Rb4+ 42. Rc4 Qb3 43. Kd4 Rb5 44. Rc7 Qb2+ 45. Kd3
Qb1+ 46. Kd4 Qb2+ 47. Kd3 Rb3+ 48. Ke4 Rb4+ 49. Rc4 Qa2 50. Kd4 Rb5 51. Rc7
Qd2+ 52. Ke4 Rb4+ 53. Rc4 Rb3 54. Kf4 Qxg2 55. Rc8 Rb4+ 56. e4 g5+ 57. Ke5 Qb2+
58. Kd6 Rb6+ 59. Kd7 Qb5+ 60. Kd8 Rd6+ 0-1

[Event "Europa ch 2012 femenino"]
[Site "Gaziantep TUR"]
[Date "2012.03.05"]
[Round "4.45"]
[White "Hoang Thanh Trang"]
[Black "Mamedjarova, Zeinab"]
[Result "1-0"]
[PlyCount "126"]
[EventDate "2012.03.02"]
[EventType "swiss"]
[EventRounds "11"]
[EventCountry "TUR"]
[Source "lmi"]
[SourceDate "2012.03.02"]
[WhiteElo "2438"]
[BlackElo "2321"]

1. d4 c5 2. d5 d6 3. e4 Nf6 4. Nc3 g6 5. Nf3 Bg7 6. Bb5+ Nbd7 7. a4 O-O 8. O-O
a6 9. Be2 Ne8 10. Nd2 e5 11. dxe6 fxe6 12. Nc4 Ne5 13. Be3 Qe7 14. Qd2 Nxc4 15.
Bxc4 Bd7 16. Rad1 Bc6 17. Rfe1 Kh8 18. Bh6 Rd8 19. Bg5 Bf6 20. Bxf6+ Qxf6 21.
Qe3 Ng7 22. Rd2 e5 23. Red1 Nh5 24. Bd5 Nf4 25. Bxc6 bxc6 26. Ne2 a5 27. Nxf4
exf4 28. Qc3 Qxc3 29. bxc3 Rfe8 30. f3 Re6 31. Rb1 d5 32. Rb6 Rde8 33. exd5
Re1+ 34. Kf2 cxd5 35. Rb5 c4 36. Rbxd5 Rc1 37. R5d4 g5 38. Rxc4 Ree1 39. Rc8+
Kg7 40. Rc5 Rf1+ 41. Ke2 Kg6 42. Rxa5 Rfe1+ 43. Kd3 Rcd1 44. Rxd1 Rxd1+ 45. Ke2
Rg1 46. Kf2 Rc1 47. Re5 Rxc2+ 48. Re2 Rxc3 49. Ra2 Rc6 50. a5 Ra6 51. Ke2 h5
52. h3 Kf5 53. Kd3 g4 54. hxg4+ hxg4 55. Kc4 gxf3 56. gxf3 Ke5 57. Kb5 Ra8 58.
a6 Kd6 59. a7 Kc7 60. Ka6 Re8 61. Rc2+ Kd6 62. Kb7 Re7+ 63. Kb8 Kd5 1-0

[Event "Europa ch 2012 femenino"]
[Site "Gaziantep TUR"]
[Date "2012.03.05"]
[Round "4.46"]
[White "Mammadova, Gulnar"]
[Black "Batsiashvili, Nino"]
[Result "1/2-1/2"]
[PlyCount "90"]
[EventDate "2012.03.02"]
[EventType "swiss"]
[EventRounds "11"]
[EventCountry "TUR"]
[Source "lmi"]
[SourceDate "2012.03.02"]
[WhiteElo "2324"]
[BlackElo "2438"]

1. e4 c6 2. d4 d5 3. e5 Bf5 4. Nf3 e6 5. Be2 Ne7 6. O-O Nd7 7. Be3 Bg4 8. Nbd2
Nf5 9. Bd3 Be7 10. h3 Bh5 11. g4 Nxe3 12. fxe3 Bg6 13. Bxg6 hxg6 14. Kg2 Qc7
15. c4 dxc4 16. Nxc4 Nb6 17. Nxb6 Qxb6 18. Qc2 O-O-O 19. Rab1 Kb8 20. b4 Rd7
21. Qb3 Qb5 22. Qc2 Qd5 23. e4 Qb5 24. a4 Qb6 25. b5 Rc8 26. Qd2 Qd8 27. Rfd1
c5 28. d5 f5 29. exf6 gxf6 30. Qf4+ e5 31. Qd2 Bd6 32. Qc3 Rh7 33. Rh1 Qe7 34.
Nd2 f5 35. Nc4 Rch8 36. Qf3 Rf8 37. Rbf1 Rhf7 38. Qe2 fxe4 39. Rxf7 Rxf7 40.
Rf1 Rf4 41. Nxd6 Rxf1 42. Kxf1 Qxd6 43. Qxe4 Qf6+ 44. Kg2 g5 45. a5 Kc8 1/2-1/2

[Event "Europa ch 2012 femenino"]
[Site "Gaziantep TUR"]
[Date "2012.03.05"]
[Round "4.47"]
[White "Schleining, Zoya"]
[Black "Melia, Salome"]
[Result "1-0"]
[PlyCount "73"]
[EventDate "2012.03.02"]
[EventType "swiss"]
[EventRounds "11"]
[EventCountry "TUR"]
[Source "lmi"]
[SourceDate "2012.03.02"]
[WhiteElo "2326"]
[BlackElo "2400"]

1. Nf3 Nf6 2. g3 d5 3. Bg2 e6 4. O-O Be7 5. d4 O-O 6. Nbd2 b5 7. Ne5 c5 8. c3
a5 9. Ndf3 Ne4 10. dxc5 Bxc5 11. Nd4 Qb6 12. Be3 Nf6 13. b4 axb4 14. cxb4 Bxb4
15. Rb1 Na6 16. Nd3 Be7 17. Rxb5 Qc7 18. Qb3 Bd6 19. Rc1 Qd7 20. Nc6 Ng4 21.
Bd4 Nc7 22. Rb6 Na6 23. h3 Nh6 24. e4 dxe4 25. Bxe4 Nf5 26. Bb2 Bc7 27. Nce5
Qd8 28. Rb5 Rb8 29. Rxb8 Nxb8 30. Qc4 Bb6 31. Bxf5 exf5 32. Nxf7 Qe8 33. Ng5+
Kh8 34. Qc3 Qd7 35. Ne5 Qb7 36. Nef7+ Rxf7 37. Qxc8+ 1-0

[Event "Europa ch 2012 femenino"]
[Site "Gaziantep TUR"]
[Date "2012.03.05"]
[Round "4.49"]
[White "Kovanova, Baira"]
[Black "Dzagnidze, Nana"]
[Result "1/2-1/2"]
[PlyCount "81"]
[EventDate "2012.03.02"]
[EventType "swiss"]
[EventRounds "11"]
[EventCountry "TUR"]
[Source "lmi"]
[SourceDate "2012.03.02"]
[WhiteElo "2392"]
[BlackElo "2559"]

1. e4 c5 2. Nf3 d6 3. Bc4 Nf6 4. Qe2 Nc6 5. h3 e6 6. Bb3 Be7 7. c3 O-O 8. O-O
a5 9. a4 b6 10. Na3 Ba6 11. Nb5 d5 12. e5 Nd7 13. d4 cxd4 14. cxd4 Rc8 15. Bf4
Ndb8 16. Rfc1 Qd7 17. Qe3 Nb4 18. Nd6 Rxc1+ 19. Rxc1 Nd3 20. Rc2 Nc6 21. Bg3
Ncb4 22. Rd2 f5 23. Bf4 Qc7 24. Kh2 Qc1 25. Rxd3 Nxd3 26. Qxc1 Nxc1 27. Bxc1 h6
28. h4 Rb8 29. Bd2 Kf8 30. h5 Bd8 31. Bc3 Be2 32. Kg3 Ke7 33. Kf4 Kd7 34. Ke3
Bf1 35. g3 Be7 36. Nd2 Ba6 37. Nb5 Rg8 38. Bd1 g5 39. g4 f4+ 40. Kd3 Kc6 41. f3
1/2-1/2

[Event "Europa ch 2012 femenino"]
[Site "Gaziantep TUR"]
[Date "2012.03.05"]
[Round "4.51"]
[White "Zawadzka, Jolanta"]
[Black "Kosintseva, Tatiana"]
[Result "0-1"]
[PlyCount "88"]
[EventDate "2012.03.02"]
[EventType "swiss"]
[EventRounds "11"]
[EventCountry "TUR"]
[Source "lmi"]
[SourceDate "2012.03.02"]
[WhiteElo "2358"]
[BlackElo "2513"]

1. e4 c5 2. Nf3 e6 3. d4 cxd4 4. Nxd4 Nc6 5. Nc3 d6 6. Be3 Nf6 7. f4 e5 8. Nf3
Ng4 9. Qd2 Nxe3 10. Qxe3 exf4 11. Qxf4 Be6 12. O-O-O Be7 13. Nd5 O-O 14. Kb1
Rc8 15. h4 Qa5 16. Bc4 Bxd5 17. Rxd5 Qc7 18. Rf5 Ne5 19. Bb3 g6 20. Nxe5 gxf5
21. Nxf7 Rxf7 22. Qxf5 Rcf8 23. h5 Qc5 24. Qd7 Bf6 25. Qxb7 h6 26. Rf1 Kg7 27.
Bxf7 Rxf7 28. Qb8 Qb6 29. Qxb6 axb6 30. c4 Re7 31. Re1 Rc7 32. b3 Rc5 33. Rd1
Be5 34. Kc2 Kf6 35. Rf1+ Ke7 36. Kd3 Rc8 37. g4 Rg8 38. Rg1 Kf6 39. a4 Kg5 40.
Rg2 Rf8 41. Ra2 Rf3+ 42. Ke2 Rxb3 43. a5 bxa5 44. Rxa5 Rc3 0-1

[Event "Europa ch 2012 femenino"]
[Site "Gaziantep TUR"]
[Date "2012.03.06"]
[Round "5.2"]
[White "Khurtsidze, Nino"]
[Black "Foisor, Cristina-Adela"]
[Result "0-1"]
[PlyCount "76"]
[EventDate "2012.03.02"]
[EventType "swiss"]
[EventRounds "11"]
[EventCountry "TUR"]
[Source "lmi"]
[SourceDate "2012.03.02"]
[WhiteElo "2447"]
[BlackElo "2398"]

1. d4 d5 2. c4 Nc6 3. Nf3 Bg4 4. cxd5 Bxf3 5. dxc6 Bxc6 6. Nc3 Nf6 7. f3 e6 8.
e4 Be7 9. Be3 O-O 10. Be2 a6 11. a3 b5 12. O-O Qb8 13. Qc2 Qb7 14. Rfc1 Bd7 15.
Nb1 Rfc8 16. Nd2 a5 17. Nb3 Be8 18. Nc5 Qb8 19. Bd3 Nd7 20. e5 Nxc5 21. dxc5 g6
22. c6 Ra6 23. Be4 Qa8 24. Qc3 a4 25. Rc2 Rb8 26. Bc5 Bxc5+ 27. Qxc5 Qa7 28.
Qxa7 Rxa7 29. Rd1 Kf8 30. Rd4 Ra6 31. Kf2 f5 32. exf6 Kf7 33. Ke3 Kxf6 34. Rc5
Rbb6 35. Kd2 Bxc6 36. Bxc6 Rxc6 37. Rxb5 Rd6 38. Rbb4 c5 0-1

[Event "Europa ch 2012 femenino"]
[Site "Gaziantep TUR"]
[Date "2012.03.06"]
[Round "5.3"]
[White "Ziaziulkina, Nastassia"]
[Black "Hoang Thanh Trang"]
[Result "0-1"]
[PlyCount "74"]
[EventDate "2012.03.02"]
[EventType "swiss"]
[EventRounds "11"]
[EventCountry "TUR"]
[Source "lmi"]
[SourceDate "2012.03.02"]
[WhiteElo "2343"]
[BlackElo "2438"]

1. e4 e6 2. d4 d5 3. Nc3 Nf6 4. e5 Nfd7 5. f4 c5 6. Nf3 Nc6 7. Be3 Be7 8. Qd2
O-O 9. dxc5 Bxc5 10. O-O-O Qa5 11. Bxc5 Nxc5 12. Kb1 Rd8 13. Qe3 Bd7 14. h4
Rac8 15. a3 Be8 16. Be2 Qb6 17. Nb5 Ne4 18. Qxb6 axb6 19. Rhe1 Ne7 20. Ng5 Bxb5
21. Bxb5 Ng3 22. Rd3 Ngf5 23. g3 h6 24. Nh3 h5 25. Red1 Nc6 26. Nf2 Na7 27. Ba4
b5 28. Bb3 Nc6 29. Ba2 b4 30. a4 Na5 31. R1d2 b6 32. Ne4 Nb7 33. Nd6 Nbxd6 34.
exd6 Ra8 35. Bb3 Rxd6 36. Kc1 b5 37. axb5 Ra1# 0-1

[Event "Europa ch 2012 femenino"]
[Site "Gaziantep TUR"]
[Date "2012.03.06"]
[Round "5.4"]
[White "Kosintseva, Tatiana"]
[Black "Schleining, Zoya"]
[Result "1-0"]
[PlyCount "79"]
[EventDate "2012.03.02"]
[EventType "swiss"]
[EventRounds "11"]
[EventCountry "TUR"]
[Source "lmi"]
[SourceDate "2012.03.02"]
[WhiteElo "2513"]
[BlackElo "2326"]

1. e4 e5 2. Nf3 Nc6 3. Bb5 Nd4 4. Nxd4 exd4 5. O-O Bc5 6. d3 c6 7. Ba4 Ne7 8.
f4 a5 9. Bb3 O-O 10. a4 d5 11. f5 f6 12. Nd2 Kh8 13. Nf3 Qe8 14. Bf4 Qh5 15.
Qd2 b6 16. Kh1 Ba6 17. Rg1 dxe4 18. dxe4 Bb4 19. Qf2 c5 20. Be6 Qg4 21. Bd6
Rfe8 22. Rgc1 Qxe4 23. Bxe7 Rxe7 24. c3 dxc3 25. bxc3 Bc8 26. Re1 Qf4 27. cxb4
Bxe6 28. fxe6 axb4 29. a5 Rc8 30. axb6 Qd6 31. Ra7 Rxa7 32. bxa7 Qe7 33. Qa2
Ra8 34. Rd1 b3 35. Qxb3 Qxa7 36. Qd5 g6 37. Qd8+ Kg7 38. e7 Qa4 39. Re1 Qe8 40.
Qxa8 1-0

[Event "Europa ch 2012 femenino"]
[Site "Gaziantep TUR"]
[Date "2012.03.06"]
[Round "5.5"]
[White "Batsiashvili, Nino"]
[Black "Muzychuk, Anna"]
[Result "0-1"]
[PlyCount "120"]
[EventDate "2012.03.02"]
[EventType "swiss"]
[EventRounds "11"]
[EventCountry "TUR"]
[Source "lmi"]
[SourceDate "2012.03.02"]
[WhiteElo "2438"]
[BlackElo "2583"]

1. d4 d5 2. Nf3 Nf6 3. c4 c6 4. e3 Bg4 5. Qb3 Qb6 6. Ne5 Bf5 7. cxd5 Qxb3 8.
axb3 Nxd5 9. Bd3 Bxd3 10. Nxd3 e6 11. Bd2 Na6 12. Ke2 c5 13. dxc5 Nxc5 14. Nxc5
Bxc5 15. Rc1 Bd6 16. Na3 Ke7 17. Nc4 Rhc8 18. g3 Bb4 19. e4 Bxd2 20. Nxd2 Nb6
21. Rxc8 Nxc8 22. Nc4 Nd6 23. Nxd6 Kxd6 24. Rc1 e5 25. Ke3 f6 26. h4 Rd8 27.
Rc2 a6 28. Rc3 Rd7 29. f4 Rc7 30. fxe5+ fxe5 31. Rd3+ Kc5 32. Rd5+ Kb4 33. Rxe5
Kxb3 34. Rd5 Kxb2 35. e5 b5 36. e6 Re7 37. Re5 Kc3 38. Ke4 Kc4 39. Kf5 a5 40.
Re4+ Kd5 41. Re1 a4 42. Rd1+ Kc4 43. Rc1+ Kd4 44. Rb1 Kc5 45. Rc1+ Kb4 46. Rb1+
Ka5 47. Ke5 a3 48. Kd6 Re8 49. Kd7 Ra8 50. e7 b4 51. Ra1 Ka4 52. Rc1 a2 53. Rc8
Rxc8 54. Kxc8 a1=Q 55. e8=Q+ Ka3 56. Qe4 Qc3+ 57. Kd7 Qxg3 58. Qxh7 b3 59. Qe4
b2 60. Ke8 Qb8+ 0-1

[Event "Europa ch 2012 femenino"]
[Site "Gaziantep TUR"]
[Date "2012.03.06"]
[Round "5.12"]
[White "Kashlinskaya, Alina"]
[Black "Muzychuk, Mariya"]
[Result "1/2-1/2"]
[PlyCount "81"]
[EventDate "2012.03.02"]
[EventType "swiss"]
[EventRounds "11"]
[EventCountry "TUR"]
[Source "lmi"]
[SourceDate "2012.03.02"]
[WhiteElo "2377"]
[BlackElo "2490"]

1. d4 d5 2. c4 c6 3. Nc3 Nf6 4. Nf3 e6 5. Bg5 h6 6. Bh4 dxc4 7. e4 g5 8. Bg3 b5
9. Be2 Bg7 10. h4 g4 11. Ne5 b4 12. Na4 Nxe4 13. Bf4 c3 14. bxc3 bxc3 15. Qd3
f5 16. f3 Nf6 17. Nxc3 Nh5 18. Qe3 Nxf4 19. Qxf4 h5 20. fxg4 hxg4 21. Bxg4 Qa5
22. Rc1 Bxe5 23. dxe5 fxg4 24. O-O Nd7 25. Ne4 Qxe5 26. Nd6+ Ke7 27. Nxc8+ Kd8
28. Ne7 Qxf4 29. Nxc6+ Ke8 30. Rxf4 Rxh4 31. g3 Rh5 32. Re1 Nc5 33. Rxg4 Kd7
34. Ne5+ Ke7 35. Rc4 Nd7 36. Rc7 Rxe5 37. Rxe5 Kd6 38. Rxd7+ Kxe5 39. Kf2 Ke4
40. Rd6 e5 41. Ra6 1/2-1/2

[Event "Europa ch 2012 femenino"]
[Site "Gaziantep TUR"]
[Date "2012.03.06"]
[Round "5.13"]
[White "Szczepkowska-Horowska, Karina"]
[Black "Abdulla, Khayala"]
[Result "1-0"]
[PlyCount "183"]
[EventDate "2012.03.02"]
[EventType "swiss"]
[EventRounds "11"]
[EventCountry "TUR"]
[Source "lmi"]
[SourceDate "2012.03.02"]
[WhiteElo "2369"]
[BlackElo "2246"]

1. e4 c5 2. Nf3 e6 3. c4 a6 4. Nc3 d6 5. d4 cxd4 6. Nxd4 Nf6 7. Be2 Qc7 8. O-O
b6 9. Be3 Bb7 10. f3 Be7 11. Rc1 Nbd7 12. Qd2 O-O 13. Rfd1 Rac8 14. Bf1 Qb8 15.
Qf2 Bd8 16. Kh1 Bc7 17. Nde2 Rfe8 18. b3 Qa8 19. Rc2 Bc6 20. Rdc1 Qb8 21. Bd4
Ba8 22. Ng3 Bb7 23. Be2 h5 24. Nf1 Bc6 25. Be3 Bb7 26. h3 Bc6 27. Nd2 Bb7 28.
Nf1 Bc6 29. Nd2 Bb7 30. b4 d5 31. cxd5 Bg3 32. Qg1 exd5 33. Nxd5 Bxd5 34. Rxc8
Rxc8 35. exd5 Nxd5 36. Bd4 b5 37. Ne4 Be5 38. Nc5 Nxc5 39. Bxc5 Bf4 40. Rf1 Qe5
41. Bd3 Qc3 42. Bf5 Re8 43. a3 Ne3 44. Re1 Re5 45. Be4 Nxg2 46. Re2 Nh4 47. Qd1
Re8 48. Bh7+ Kxh7 49. Rxe8 Nf5 50. Bf2 Qxa3 51. Qd5 Nd6 52. Rd8 Qxb4 53. Qxh5+
Bh6 54. Kg2 Qf4 55. Qc5 Nf5 56. Qc8 Nd6 57. Qc2+ Qf5 58. Qc7 Nc4 59. Qb8 Qg5+
60. Bg3 Ne3+ 61. Kf2 Qc5 62. Qc8 Nd1+ 63. Kf1 Ne3+ 64. Ke2 Qxc8 65. Rxc8 Nf5
66. Bf2 b4 67. Kd3 f6 68. Ra8 Kg6 69. Rxa6 Bf4 70. Rb6 Bd6 71. Ke4 Bf8 72. Rb8
Bd6 73. Rb5 Nh6 74. Kd5 Bf8 75. Ke6 Nf7 76. f4 Nd8+ 77. Kd7 Nf7 78. f5+ Kh5 79.
Rb8 Bd6 80. Rg8 b3 81. Rxg7 b2 82. Rg1 Bf4 83. Rb1 Be5 84. Bc5 Kg5 85. Ke7 Nh6
86. Be3+ Kh5 87. Ke6 Ng8 88. Bc5 Kg5 89. Ba3 Nh6 90. Bxb2 Nxf5 91. Bxe5 fxe5
92. Rg1+ 1-0

[Event "Europa ch 2012 femenino"]
[Site "Gaziantep TUR"]
[Date "2012.03.06"]
[Round "5.14"]
[White "Makropoulou, Marina"]
[Black "Zawadzka, Jolanta"]
[Result "1/2-1/2"]
[PlyCount "64"]
[EventDate "2012.03.02"]
[EventType "swiss"]
[EventRounds "11"]
[EventCountry "TUR"]
[Source "lmi"]
[SourceDate "2012.03.02"]
[WhiteElo "2224"]
[BlackElo "2358"]

1. e4 c5 2. Nf3 d6 3. d4 cxd4 4. Nxd4 Nf6 5. Nc3 Nc6 6. Bg5 e6 7. Qd2 Be7 8. f3
O-O 9. h4 d5 10. exd5 Nxd5 11. Nxd5 exd5 12. O-O-O Re8 13. Kb1 Bf6 14. Bb5 Bd7
15. Nb3 Be6 16. Bxf6 Qxf6 17. Qg5 Qxg5 18. hxg5 Rad8 19. Rhe1 Re7 20. Bxc6 bxc6
21. Kc1 Rde8 22. Kd2 Kf8 23. Nc5 Rb8 24. Kc3 Bf5 25. g4 Bg6 26. b4 f6 27. gxf6
gxf6 28. Ne6+ Kf7 29. Nd4 Rc7 30. Ne6 Re7 31. Nd4 Rc7 32. Ne6 Re7 1/2-1/2

[Event "Europa ch 2012 femenino"]
[Site "Gaziantep TUR"]
[Date "2012.03.06"]
[Round "5.18"]
[White "Kursova, Maria"]
[Black "Alexanian, Nelli"]
[Result "1-0"]
[PlyCount "77"]
[EventDate "2012.03.02"]
[EventType "swiss"]
[EventRounds "11"]
[EventCountry "TUR"]
[Source "lmi"]
[SourceDate "2012.03.02"]
[WhiteElo "2328"]
[BlackElo "2114"]

1. d4 Nf6 2. Nf3 c5 3. d5 b5 4. Bg5 Ne4 5. Bh4 Qa5+ 6. c3 b4 7. Qc2 Nf6 8. e4
d6 9. Nbd2 bxc3 10. bxc3 Nbd7 11. Rb1 Ba6 12. Nc4 Qc7 13. Nfd2 g6 14. Bxf6 exf6
15. Qa4 Bc8 16. Nb6 Rb8 17. Nxc8 Rxc8 18. Bb5 Ke7 19. Bxd7 Qxd7 20. Qa6 Bg7 21.
O-O Rb8 22. Nc4 Rhe8 23. h3 f5 24. exf5 Bxc3 25. fxg6 hxg6 26. Rbc1 Bd4 27.
Rce1+ Kf8 28. Rxe8+ Rxe8 29. a4 Rb8 30. Qxd6+ Qxd6 31. Nxd6 Rd8 32. Nb5 a6 33.
Nc7 Be5 34. Nxa6 Rxd5 35. Rc1 Bd6 36. Kf1 Ke7 37. Rb1 c4 38. Nb4 c3 39. Nxd5+
1-0

[Event "Europa ch 2012 femenino"]
[Site "Gaziantep TUR"]
[Date "2012.03.06"]
[Round "5.20"]
[White "Kosintseva, Nadezhda"]
[Black "Ozturk, Hilal"]
[Result "1-0"]
[PlyCount "41"]
[EventDate "2012.03.02"]
[EventType "swiss"]
[EventRounds "11"]
[EventCountry "TUR"]
[Source "lmi"]
[SourceDate "2012.03.02"]
[WhiteElo "2535"]
[BlackElo "1784"]

1. e4 e5 2. Nf3 Nc6 3. Bb5 a6 4. Ba4 Nf6 5. O-O Be7 6. d3 b5 7. Bb3 d6 8. a4
Rb8 9. axb5 axb5 10. c3 Bg4 11. h3 Bh5 12. Re1 O-O 13. Nbd2 Re8 14. Nf1 h6 15.
Ng3 Bg6 16. Nh4 Bh7 17. Qf3 b4 18. Ba4 Qd7 19. Nhf5 d5 20. exd5 Nxd5 21. Qg4
1-0

[Event "Europa ch 2012 femenino"]
[Site "Gaziantep TUR"]
[Date "2012.03.06"]
[Round "5.22"]
[White "Galojan, Lilit"]
[Black "Coimbra, Margarida"]
[Result "1-0"]
[PlyCount "81"]
[EventDate "2012.03.02"]
[EventType "swiss"]
[EventRounds "11"]
[EventCountry "TUR"]
[Source "lmi"]
[SourceDate "2012.03.02"]
[WhiteElo "2364"]
[BlackElo "2156"]

1. d4 d5 2. c4 c6 3. Nf3 e6 4. g3 Nf6 5. Bg2 Nbd7 6. Qc2 Be7 7. O-O O-O 8. Nbd2
b6 9. b3 Ba6 10. e4 c5 11. exd5 exd5 12. Bb2 Rc8 13. Rfe1 Re8 14. Rad1 cxd4 15.
Nxd4 b5 16. Nf5 Bc5 17. h3 Qb6 18. Rxe8+ Rxe8 19. cxd5 Bxf2+ 20. Kh2 g6 21.
Nh6+ Kg7 22. Ng4 Bd4 23. Nxf6 Bxf6 24. Ne4 Bxb2 25. Qxb2+ Kg8 26. b4 Bb7 27.
Qd2 Re5 28. Nc3 a6 29. Re1 Qd6 30. Ne4 Qb6 31. Nc3 Qd6 32. Ne4 Qb6 33. Nc5 Rxe1
34. Qxe1 Nxc5 35. Qe8+ Kg7 36. Qe5+ Kg8 37. Qb8+ Kg7 38. bxc5 Qxc5 39. Qxb7 Qa3
40. Qc7 Qxa2 41. d6 1-0

[Event "Europa ch 2012 femenino"]
[Site "Gaziantep TUR"]
[Date "2012.03.06"]
[Round "5.23"]
[White "Savina, Anastasia"]
[Black "Patel, Yesim"]
[Result "1-0"]
[PlyCount "59"]
[EventDate "2012.03.02"]
[EventType "swiss"]
[EventRounds "11"]
[EventCountry "TUR"]
[Source "lmi"]
[SourceDate "2012.03.02"]
[WhiteElo "2325"]
[BlackElo "1839"]

1. d4 Nf6 2. c4 e6 3. Nc3 Bb4 4. e3 O-O 5. Nge2 d5 6. a3 Bxc3+ 7. Nxc3 b6 8.
Bd3 Bb7 9. cxd5 exd5 10. O-O Nbd7 11. Bd2 c5 12. Rc1 Ne4 13. Nxe4 dxe4 14. Bb5
cxd4 15. Bb4 d3 16. Bxf8 Nxf8 17. Bc6 Bxc6 18. Rxc6 Qd7 19. Rc4 Qe6 20. Qa4 f5
21. f3 exf3 22. Rxf3 b5 23. Qxb5 Rd8 24. Rd4 Rxd4 25. exd4 Qe1+ 26. Rf1 Qe3+
27. Kh1 Ng6 28. Qd5+ Kf8 29. Rxf5+ Ke8 30. Qf7+ 1-0

[Event "Europa ch 2012 femenino"]
[Site "Gaziantep TUR"]
[Date "2012.03.06"]
[Round "5.24"]
[White "Foisor, Mihaela-Veronica"]
[Black "Bulmaga, Irina"]
[Result "0-1"]
[PlyCount "134"]
[EventDate "2012.03.02"]
[EventType "swiss"]
[EventRounds "11"]
[EventCountry "TUR"]
[Source "lmi"]
[SourceDate "2012.03.02"]
[WhiteElo "2242"]
[BlackElo "2307"]

1. d4 d5 2. c4 c6 3. e3 Nf6 4. Nc3 a6 5. Nf3 e6 6. c5 b6 7. cxb6 Nbd7 8. Bd2
Qxb6 9. Na4 Qa7 10. Rc1 Bb7 11. Bd3 a5 12. O-O Bd6 13. Bc3 O-O 14. Nd2 e5 15.
Nb3 e4 16. Be2 Bc7 17. f4 exf3 18. gxf3 Qb8 19. Rf2 Qd8 20. Qc2 Re8 21. Bd2 Nf8
22. Bd3 Ng6 23. Bf5 Nh4 24. Nac5 Bc8 25. Bxc8 Qxc8 26. Nd3 Qh3 27. Ne1 Rac8 28.
Qd3 Nh5 29. Qf1 Qe6 30. f4 Qg4+ 31. Kh1 Re6 32. Nf3 Rg6 33. Nxh4 Qxh4 34. Rg2
Re8 35. Qf3 Ree6 36. Be1 Qe7 37. Bf2 Rxg2 38. Kxg2 Rg6+ 39. Kh1 a4 40. Nc5 Nf6
41. Bh4 Qe8 42. Bxf6 Rxf6 43. Nxa4 Re6 44. Rc3 Bd6 45. Nc5 Bxc5 46. dxc5 h6 47.
Rd3 Qb8 48. Rb3 Qa7 49. f5 Rf6 50. a3 Qxc5 51. Rc3 Qb5 52. b4 g6 53. Rc1 Rxf5
54. Qg2 Qd3 55. a4 Qxe3 56. Rf1 Rxf1+ 57. Qxf1 Qe4+ 58. Kg1 Qxb4 59. Qa1 Qg4+
60. Kf2 Qf4+ 61. Kg2 Qe4+ 62. Kf2 d4 63. a5 Qe3+ 64. Kg2 d3 65. a6 d2 66. a7
Qe2+ 67. Kh3 Qf3+ 0-1